[Event "IECC CL6-2008.08 email"]
[Site "IECC email"]
[Date "2008.10.14"]
[Round "?"]
[White "Hopkins, Doane"]
[Black "Akins, Craig"]
[Result "0-1"]
[WhiteElo "1184"]
[BlackElo "1300"]
[PlyCount "22"]
[EventDate "2008.??.??"]
[EventType "tourn (corr)"]
[EventRounds "4"]
[SourceTitle "Corr 2013"]
[Source "ChessBase"]
[SourceDate "2012.11.12"]
[SourceVersion "1"]
[SourceVersionDate "2012.11.12"]
[SourceQuality "1"]
[WhiteTeam "Greece"]
[BlackTeam "Brazil"]
[WhiteTeamCountry "GRE"]
[BlackTeamCountry "BRA"]

1. d4 d6 2. e4 Nf6 3. Nc3 Bg4 4. f3 Be6 5. Be3 g6 6. Qd2 Bg7 7. Bh6 Bxh6 8. Qxh6 c6 9. e5 dxe5 10. dxe5 Nd5 11. Bc4 Nb4 0-1